| 000 | 00357nam a2200121Ia 4500 | ||
|---|---|---|---|
| 008 | 231129s9999||||xx |||||||||||||| ||spa|| | ||
| 020 | _aISBN 10: 950-07-24 | ||
| 082 | _a(i) A863 A169L | ||
| 100 | _aAccame Jorge | ||
| 245 | 0 | _aLa leyenda de la vicuña | |
| 264 | _aBuenos Aires Argentina : Sudamericana | ||
| 942 |
_2ddc _cBKS |
||
| 999 |
_c17474 _d17474 |
||